| 000 | 00537nam a2200181Ia 4500 | ||
|---|---|---|---|
| 003 | OSt | ||
| 005 | 20240416111727.0 | ||
| 008 | 210210b1944 xxu||||| |||| 00| 0 eng d | ||
| 040 | _cAL | ||
| 041 | _aKannada | ||
| 082 | _a856/200 | ||
| 100 |
_aKRASHNASHASTRI (A R) _dಕೃಷ್ಣಶಾಸ್ತ್ರಿ ಎ ಆರ್ _9152255 |
||
| 245 |
_aSarvajna kavi _b ಸರ್ವಜ್ಞ ಕವಿ |
||
| 260 |
_amysore _bMysore Vishvavidyanilaya., _c1941 |
||
| 690 |
_aKannada Miscellaneous _9152258 |
||
| 906 | _a002936 | ||
| 942 |
_2ddc _cBK |
||
| 999 |
_c125215 _d125215 |
||